| 000 | 00663nam a2200181Ia 4500 | ||
|---|---|---|---|
| 003 | GCL | ||
| 008 | 140319s9999 xx 000 0 ara d | ||
| 040 |
_aGCL / _cGCL |
||
| 082 | 0 | 4 |
_a011 _bد م |
| 100 | 1 | _aمؤسسة دار الهلال | |
| 245 | 1 | 0 |
_aموسوعة عصر التنوير: اهم مائة كتاب فى مائة عام / _cمؤسسة دار الهلال |
| 260 |
_aالقاهرة : _bدار الهلال للطباعة والنشر ، _c1992 |
||
| 300 |
_a25 مج ؛ _c28 سم |
||
| 650 | 0 | 4 | _aالخدمة الببليوجرافية |
| 650 | 0 | 4 | _aالببليوجرافيا |
| 650 | 0 | 4 | _aالكتب - دوائر معارف |
| 942 |
_2ddc _cBK |
||
| 999 |
_c59562 _d59562 |
||